000 00553nam a22001697a 4500
999 _c510213
_d510213
008 190807b ||||| |||| 00| 0 eng d
100 _aLindholst, Andrej Christian
_97805
245 _aContracting out local road and park services: economic effects and their strategic, contractual and competitive conditions
260 _c2018
300 _ap.64-85.
650 _aMunicipalities
_97797
700 _aPetersen, Ole Helby
_97798
700 _aHoulberg, Kurt
_97799
773 _aLocal Government Studies
906 _aContracting out
942 _cAR